Normal view
MARC view
Entry Personal Name
001 - CONTROL NUMBER
- control field: 87367
003 - CONTROL NUMBER IDENTIFIER
- control field: dpl
005 - DATE AND TIME OF LATEST TRANSACTION
- control field: 20260212150116.0
008 - FIXED-LENGTH DATA ELEMENTS
- fixed length control field: 260212|| aca||aabn | a|a d
040 ## - CATALOGING SOURCE
- Original cataloging agency: dpl
- Transcribing agency: dpl
100 ## - HEADING--PERSONAL NAME
- Personal name: Dude, Anurag
670 ## - SOURCE DATA FOUND
- Source citation: Work cat.: (dpl)214861: Dude, Anurag, How to Prepare JEE Mains & Advanced/, 2025
